Normal view
MARC view
- Ottawa (Ont.)
Entry Geographic Name
001 - CONTROL NUMBER
- control field: 24328
003 - CONTROL NUMBER IDENTIFIER
- control field: NUST
005 - DATE AND TIME OF LATEST TRANSACTION
- control field: 20191018102755.0
008 - FIXED-LENGTH DATA ELEMENTS
- fixed length control field: 191018|| aca||aabn | a|a d
040 ## - CATALOGING SOURCE
- Original cataloging agency: NUST
- Transcribing agency: NUST
151 ## - HEADING--GEOGRAPHIC NAME
- Geographic name: Ottawa (Ont.)
- General subdivision: Buildings, structures, etc.
670 ## - SOURCE DATA FOUND
- Source citation: Work cat.: (NUST)0: Hnatyshyn, Gerda, 1935- 24325, Rideau Hall :, c1994.
